Central termoeléctrica "Luis Piedrabuena".

Visita a la Central Termoeléctrica de Bahía Blanca. Funcionamiento y uso de combustible. Distribución de la energía. Capacidad.

Guardado en:
Formato: Deslizar
Materias:
Etiquetas: Agregar Etiqueta
Sin Etiquetas, Sea el primero en etiquetar este registro!
LEADER 00856ngm a22002295g 4500
001 CEM.cems021594
008 130507b1992##################0###0#####d
005 20240829163751.0
245 0 0 |a Central termoeléctrica "Luis Piedrabuena". 
300 |a 35 
500 |a En soporte VHS, consultar en ventanilla. 
538 |a Soporte: VHS - Norma: Pal N - Color - Grabación Drd 1992 - Hitachi=3121 
520 |a Visita a la Central Termoeléctrica de Bahía Blanca. Funcionamiento y uso de combustible. Distribución de la energía. Capacidad. 
082 6 2 |. 3/AVE 
653 |a NIVEL SECUNDARIO 
653 |a ENERGIA  
653 |a CENTRAL TERMOELECTRICA  
653 |a ARGENTINA-ENERGIA  
653 |a BAHIA BLANCA  
653 |a BAHIA BLANCA-ENERGIA  
653 |a COMBUSTIBLE 
859 |a CEMS  |b BIB. CEMS - Depto. Recursos Didacticos  |h 622.3  |i AVE  |k DRD  |p 237.12  |t Ej.1